00599nam a2200193Ia 4500008004100000020001800041082001500059100001800074245003300092250000800125260004400133300002300177500001900200600001500219650001500234942000700249952013200256999001700388240925s9999 xx 000 0 und d a9780074716717 a657.48 DEE aDeegan, Craig 0aFinancial Accounting Theory  a2nd aAustralia:bMcgraw Hill Pvt Ltdc,2007. a168p.b0fOriginal aIncludes Index aManagement aAccounting cBK 001040708MANaUITUbUITUd2018-11-20eShahid Book Centerg625.00l0o657.48 DEEpQ11951r2024-09-25 07:16:15w2024-09-25yBK c14450d14450